| 000 | 00831nam a22002537a 4500 | ||
|---|---|---|---|
| 001 | 125161 | ||
| 003 | UA-OsUOA | ||
| 005 | 20220411204704.0 | ||
| 007 | ta | ||
| 008 | 20170908b un ||||| |||| 00| 0 ukr d | ||
| 020 | _a9789662750027 | ||
| 040 |
_aUA-OsUOA _bukr _cUA-OsUOA _dUA-OsUOA |
||
| 041 | _aukr | ||
| 080 | _a81'25 | ||
| 090 |
_a81'25 _bЖ87 |
||
| 100 | _aЖулінська М. О. | ||
| 245 |
_aПереклад текстів різних функціональних стилів _bнавчальний посібник |
||
| 260 |
_aЛуцьк _bВежа-Друк _c2012 |
||
| 300 | _a328 с. | ||
| 650 | 7 |
_a8 Мовознавство. Художня література. Літературознавство _2UDC |
|
| 942 |
_cBK _2udc |
||
| 955 | _a2 | ||
| 999 |
_c412385 _d412385 |
||